| 000 | 01226nam a2200313Ia 4500 | ||
|---|---|---|---|
| 005 | 20211111074502.0 | ||
| 008 | 130821s2006 ck gr spa | ||
| 020 | _a9584215154 | ||
| 040 |
_aCo-BoUCM _bspa |
||
| 041 | 0 | 0 | _aspa |
| 100 | 1 |
_aTéllez, Edgar _9129723 |
|
| 245 | 1 | 0 |
_aPacto en la sombra los tratos secretos de Estados Unidos con el narcotráfico _cEdgar Téllez, Jorge Lesmes |
| 260 |
_aBogotá (Colombia) _bEditorial Planeta _c2006 |
||
| 300 | _a246 páginas | ||
| 490 | _aColección Premio de Periodismo Planeta | ||
| 586 | _aPremio de Periodismo Planeta, 2006. | ||
| 650 | 0 | 4 |
_aControl de drogas y narcóticos _zColombia _xInvestigaciones _911879 |
| 650 | 0 | 4 |
_aControl de drogas y narcóticos _zEstados Unidos _xInvestigaciones _911879 |
| 650 | 0 | 4 |
_aNarcotráfico _zColombia _xInvestigaciones _920085 |
| 650 | 0 | 4 |
_aPeriodismo investigativo _921353 |
| 650 | 0 | 4 |
_aPeriodismo _921340 |
| 650 | 0 | 4 |
_aProblemas sociales _922324 |
| 650 | 0 | 4 |
_aProblemas sociales _zColombia _xInvestigaciones _922324 |
| 650 | 0 | 4 |
_aViolencia _9422 |
| 650 | 0 | 4 |
_aViolencia _zColombia _xInvestigaciones _9422 |
| 700 | 1 |
_aLesmes, Jorge _9163119 |
|
| 942 |
_cLIBRO _a6 _e1 _mT275p _2DEWEY _h363.45 |
||
| 999 |
_c51198 _d51198 |
||